| 000 | 00784nam a2200229 a 4500 | ||
|---|---|---|---|
| 001 | BRCA_6614 | ||
| 005 | 20190320205528.0 | ||
| 008 | 081010c1964----ag-af#####---#000-0#spa-# | ||
| 041 | _aspa | ||
| 044 | _aag | ||
| 050 | 4 |
_aND553 _b.P56 101 1964 |
|
| 245 | 1 | 0 |
_aMiguel Carlos Victorica _cmonografía y panorama cultural por Córdova Iturburu. |
| 260 |
_aArgentina _bCodex _c[1964] |
||
| 300 |
_a1 v. (sin paginación) _bil., 16 láminas a color _c36 cm. |
||
| 440 | 0 |
_aPinacoteca de los genios : la más grandiosa colección de arte del mundo _v101 _916547 |
|
| 500 | _aIncluye índice de ilustraciones | ||
| 500 | _aDonación Dra. Elsa Barberena | ||
| 600 | 1 | 4 |
_aVictorica, Miguel Carlos _d1884-1955 _916548 |
| 700 | 1 |
_aIturburu, Córdova _916549 |
|
| 902 | _aDEB | ||
| 942 |
_2lcc _cB |
||
| 999 |
_c6298 _d6298 |
||